000 00969cam a2200265 a 4500
001 13544095
003 OSt
005 20150408114104.0
008 040331s2005 maua b 001 0 eng
010 _a 2004044705
020 _a9780273752189
040 _aDLC
_cDLC
050 0 0 _aQA76.73.C153
_bS29 2005
082 0 0 _a005.133
_222
_bSWP
100 1 _aSavitch, Walter J.,
_d1943-
_910440
245 1 0 _aProblem solving with C++ :
_bthe object of programming /
_cWalter Savitch.
250 _a5th ed.
260 _aBoston :
_bPearson/Addison Wesley,
_cc2005.
300 _axxiii, 936 p. :
_bill. ;
_c23 cm.
504 _aIncludes bibliographical references and index.
650 0 _aC++ (Computer program language)
906 _a7
_bcbc
_corignew
_d1
_eocip
_f20
_gy-gencatlg
942 _2ddc
_cDVD
999 _c26465
_d260965